Maat, jotka ovat lähimpänä Etelä-Sudania - Statistics

Yleistilastot
  • Tätä visaa on pelattu 34 kertaa
  • Keskiarvotulos 16 / 20
Vastaustilastot
km maa % Oikein
1086 Egypti
100%
792 Kongo
96%
0 Kongon dem tas
96%
597 Somalia
92%
420 Eritrea
88%
0 Kenia
88%
0 Sudan
88%
167 Tšad
88%
857 Djibouti
84%
0 Etiopia
84%
0 Keski-Afrikan tasavalta
84%
1024 Libya
84%
507 Ruanda
80%
497 Tansania
80%
0 Uganda
80%
655 Burundi
72%
1013 Nigeria
72%
1046 Saudi-Arabia
56%
877 Kamerun
52%
1070 Jemen
44%
Ehtoja vastaavia visoja ei löytynyt
Tulosjakauma
Jokaisen tuloksen saaneiden osuus
Persentiili vastausten määrän mukaan
Tuloshistoriasi
Et ole pelannut tätä visaa